[Event "Montigny le Bretonneux op 21st"]
[Site "Montigny le Bretonneux"]
[Date "2021.12.28"]
[Round "3"]
[White "Sondermeijer, Antoine"]
[Black "Flagiello, Domenico"]
[Result "1/2-1/2"]
[WhiteElo "1485"]
[BlackElo "1209"]
[PlyCount "101"]
[EventDate "2021.12.26"]
[EventType "swiss"]
[EventRounds "9"]
[EventCountry "FRA"]
[SourceTitle "EXT 2023"]
[Source "ChessBase"]
[SourceDate "2022.10.05"]
[SourceVersion "1"]
[SourceVersionDate "2022.10.05"]
[SourceQuality "1"]

1. e4 d6 2. d4 Nf6 3. Nc3 c6 4. f4 b5 5. e5 dxe5 6. fxe5 Nd5 7. Nxd5 Qxd5 8. c3 g6 9. Qf3 Qxf3 10. Nxf3 Bg7 11. a4 Be6 12. axb5 cxb5 13. Bxb5+ Bd7 14. Bxd7+ Nxd7 15. b3 0-0 16. Ba3 Rfb8 17. Kd2 Rxb3 18. Kc2 Rb7 19. Bb4 Nb6 20. Ba5 Nd5 21. g3 e6 22. Rhb1 Rab8 23. Rxb7 Rxb7 24. Bd8 Rb8 25. Bg5 Rd8 26. Ra5 h6 27. Bd2 g5 28. g4 Bf8 29. h4 gxh4 30. Nxh4 Ne7 31. Kd3 Nc6 32. Ra4 Kh7 33. Nf3 Kg6 34. Nh4+ Kh7 35. Nf3 Be7 36. c4 a5 37. d5 exd5 38. cxd5 Nb4+ 39. Ke4 Bc5 40. Nh4 Rg8 41. Rxa5 Rxg4+ 42. Kf5 Rxh4 43. Rxc5 Rh5+ 44. Kg4 Rxe5 45. Rc7 Nxd5 46. Rxf7+ Kg6 47. Rf8 Nf6+ 48. Kh3 h5 49. Rxf6+ Kxf6 50. Bc3 Kf5 51. Bxe5 1/2-1/2

[Event "Montigny le Bretonneux op 21st"]
[Site "Montigny le Bretonneux"]
[Date "2021.12.28"]
[Round "4"]
[White "Weens, William"]
[Black "Sondermeijer, Antoine"]
[Result "1-0"]
[WhiteElo "1697"]
[BlackElo "1485"]
[PlyCount "118"]
[EventDate "2021.12.26"]
[EventType "swiss"]
[EventRounds "9"]
[EventCountry "FRA"]
[SourceTitle "EXT 2023"]
[Source "ChessBase"]
[SourceDate "2022.10.05"]
[SourceVersion "1"]
[SourceVersionDate "2022.10.05"]
[SourceQuality "1"]

1. e4 c5 2. Nf3 d6 3. d4 cxd4 4. Nxd4 Nf6 5. Nc3 g6 6. Bc4 Bg7 7. f3 0-0 8. Be3 Nc6 9. Qd2 Bd7 10. h4 h5 11. 0-0-0 Ne5 12. Bb3 Rc8 13. Bh6 Nc4 14. Bxc4 Rxc4 15. Bxg7 Kxg7 16. Rdg1 Qa5 17. Nb3 Qc7 18. g4 hxg4 19. h5 Rh8 20. hxg6 Rxc3 21. bxc3 Qc8 22. gxf7 Kxf7 23. fxg4 Rxh1 24. Rxh1 Bxg4 25. Rf1 Ke8 26. Qd4 b6 27. e5 dxe5 28. Qxe5 Qc6 29. Re1 Ng8 30. Qg7 Qh6+ 31. Qxh6 Nxh6 32. Nd4 Kd7 33. Kb2 Nf7 34. Re4 Bh5 35. Rh4 Bg6 36. c4 e5 37. Nb5 a6 38. Nc3 Kc6 39. Ne4 Bxe4 40. Rxe4 Nd6 41. Rh4 Kc5 42. Kc3 b5 43. cxb5 Nxb5+ 44. Kd3 Nd6 45. Rh5 Kd5 46. a4 a5 47. Kc3 Ne4+ 48. Kd3 Nd6 49. Rh8 Kc5 50. Ra8 Kb4 51. Ra6 e4+ 52. Kd4 Nf5+ 53. Kxe4 Ng3+ 54. Kd5 Kxa4 55. c4 Nf5 56. c5 Kb5 57. Rb6+ Ka4 58. Rb1 Ka3 59. Kc4 Ne7 1-0

[Event "Montigny le Bretonneux op 22nd"]
[Site "Montigny le Bretonneux"]
[Date "2018.05.13"]
[Round "8"]
[White "Sondermeijer, Antoine"]
[Black "Sagon, Lancelot"]
[Result "0-1"]
[WhiteElo "1465"]
[BlackElo "1479"]
[PlyCount "64"]
[EventDate "2018.05.10"]
[EventType "swiss"]
[EventRounds "9"]
[EventCountry "FRA"]
[SourceTitle "CBM 184 Extra"]
[Source "ChessBase"]
[SourceDate "2018.06.28"]
[SourceVersion "1"]
[SourceVersionDate "2018.06.28"]
[SourceQuality "1"]

1. c4 e5 2. Nc3 Nf6 3. Nf3 Nc6 4. g3 g6 5. Bg2 Bg7 6. 0-0 0-0 7. d3 d6 8. Be3 Be6 9. Qc1 Qd7 10. Ng5 Rad8 11. Nxe6 fxe6 12. b4 d5 13. b5 Ne7 14. cxd5 exd5 15. Bh6 Nf5 16. Bxg7 Kxg7 17. h3 Nd4 18. Qb2 Qd6 19. a4 Rf7 20. e3 Ne6 21. Rac1 Rdf8 22. Rc2 Qd7 23. Nxd5 Kh6 24. Qa2 Ng5 25. f4 Nxh3+ 26. Kh2 Ng4+ 27. Kxh3 Nxe3+ 28. Kh2 Nxf1+ 29. Bxf1 exf4 30. gxf4 Qg4 31. Bh3 Qf3 32. Rf2 Qxd3 0-1